[Event "Titled Tuesday intern op 13th Feb Early"]
[Site "Chess.com INT"]
[Date "2024.02.13"]
[Round "9"]
[White "Eggleston, Thomas"]
[Black "Mitra, Roman"]
[Result "1-0"]
[WhiteElo "2188"]
[BlackElo "2174"]
[PlyCount "57"]
[EventDate "2024.02.13"]
[EventType "swiss (blitz)"]
[EventRounds "11"]
[EventCountry "USA"]
[SourceTitle "CB08_2024"]
[SourceDate "2024.02.21"]
[SourceVersion "1"]
[SourceVersionDate "2024.02.21"]
[SourceQuality "1"]

1. e4 c5 2. Nf3 g6 3. c3 Nf6 4. e5 Nd5 5. d4 cxd4 6. cxd4 Nc6 7. Bc4 Nb6 8. Bb3 Bg7 9. 0-0 0-0 10. Bg5 d5 11. exd6 Qxd6 12. Re1 Bg4 13. Nc3 e6 14. Ne4 Qc7 15. Nf6+ Kh8 16. Nxg4 f6 17. Be3 Rad8 18. h4 e5 19. d5 f5 20. Ng5 fxg4 21. Ne6 Qe7 22. Bg5 Bf6 23. Nxd8 Rxd8 24. Qxg4 Nd4 25. Qxd4 exd4 26. Rxe7 Bxe7 27. Bxe7 Rd7 28. d6 Nc8 29. Bf6+ 1-0

[Event "Titled Tuesday intern op 13th Feb Early"]
[Site "Chess.com INT"]
[Date "2024.02.13"]
[Round "1"]
[White "Mitra, Roman"]
[Black "Aravindh, Chithambaram VR"]
[Result "1-0"]
[WhiteElo "2174"]
[BlackElo "2662"]
[PlyCount "103"]
[EventDate "2024.02.13"]
[EventType "swiss (blitz)"]
[EventRounds "11"]
[EventCountry "USA"]
[SourceTitle "CB08_2024"]
[SourceDate "2024.02.21"]
[SourceVersion "1"]
[SourceVersionDate "2024.02.21"]
[SourceQuality "1"]

1. c4 e6 2. g3 d5 3. Bg2 dxc4 4. Qa4+ Bd7 5. Qxc4 Bc6 6. Nf3 Nf6 7. 0-0 Be7 8. b3 0-0 9. Bb2 a5 10. a3 Nbd7 11. d3 a4 12. b4 Bd5 13. Qc2 c5 14. bxc5 Nxc5 15. Nbd2 Rc8 16. Qd1 Nb3 17. Rb1 b5 18. e4 Nxd2 19. Qxd2 Bb3 20. Nd4 Bxa3 21. Nxb3 Bxb2 22. Rxb2 axb3 23. Rxb3 Qd7 24. Rfb1 Rfd8 25. e5 Ng4 26. Qf4 Nh6 27. Be4 Rb8 28. g4 Kh8 29. Rc1 Ng8 30. Bc6 Qd4 31. Qxd4 Rxd4 32. Rxb5 Rxg4+ 33. Kf1 Rc8 34. Rbc5 g6 35. Be4 Rxc5 36. Rxc5 Kg7 37. f3 Rg5 38. d4 Ne7 39. Rc7 Nf5 40. Rd7 Kf8 41. Kf2 Rh5 42. Bxf5 Rxf5 43. Kg3 Rg5+ 44. Kf2 Kg7 45. f4 Rh5 46. Kg3 Kf8 47. h4 Rf5 48. d5 exd5 49. Rxd5 Kg7 50. Rd6 h6 51. Kg4 Rh5 52. Rf6 1-0

[Event "Titled Tuesday intern op 13th Feb Early"]
[Site "Chess.com INT"]
[Date "2024.02.13"]
[Round "6"]
[White "Mitra, Roman"]
[Black "Arca, Christian Gian Karl"]
[Result "0-1"]
[WhiteElo "2174"]
[BlackElo "2283"]
[PlyCount "132"]
[EventDate "2024.02.13"]
[EventType "swiss (blitz)"]
[EventRounds "11"]
[EventCountry "USA"]
[SourceTitle "CB08_2024"]
[SourceDate "2024.02.21"]
[SourceVersion "1"]
[SourceVersionDate "2024.02.21"]
[SourceQuality "1"]

1. c4 Nf6 2. g3 c5 3. Bg2 Nc6 4. Nf3 d5 5. cxd5 Nxd5 6. Nc3 Nc7 7. a3 Rb8 8. b4 e5 9. b5 Nd4 10. Nxe5 Be6 11. Rb1 a6 12. bxa6 bxa6 13. Qa4+ Ke7 14. Rxb8 Qxb8 15. 0-0 Kf6 16. Nd7+ Bxd7 17. Qxd7 Nce6 18. Ne4+ Kg6 19. d3 Nxe2+ 20. Kh1 Nxc1 21. Rxc1 Qd8 22. Qc6 Qd4 23. Qxa6 Be7 24. Qc4 Rd8 25. Qxd4 Rxd4 26. Rc3 f5 27. Nd2 Bd8 28. Nb3 Ra4 29. Nxc5 Nxc5 30. Rxc5 Rxa3 31. Bf1 Bb6 32. Rc2 Kg5 33. Kg2 g6 34. h4+ Kh6 35. Be2 Bd4 36. Rc4 Ba7 37. h5 g5 38. Rc6+ Kg7 39. h6+ Kf7 40. Rc7+ Kg6 41. Rc6+ Kf7 42. Bf3 g4 43. Bd5+ Ke7 44. Re6+ Kd7 45. Re2 Ra5 46. Bg8 Ra6 47. Bxh7 Rxh6 48. Bxf5+ Kd6 49. Bxg4 Bd4 50. Bf3 Rf6 51. Be4 Kc5 52. f4 Rb6 53. Kf3 Rb1 54. g4 Rf1+ 55. Kg3 Rg1+ 56. Rg2 Rf1 57. g5 Be3 58. Bf3 Kd4 59. g6 Rh1 60. Be4 Rb1 61. g7 Rb8 62. f5 Ke5 63. Kf3 Bh6 64. Rg6 Bd2 65. Re6+ Kd4 66. f6 Rb1 0-1

[Event "Newcastle Northumbria Masters"]
[Site "Newcastle on Tyne"]
[Date "2022.08.29"]
[Round "7"]
[White "Mitra, Roman"]
[Black "Martyn, Rafe"]
[Result "1/2-1/2"]
[WhiteElo "2132"]
[BlackElo "2209"]
[PlyCount "61"]
[EventDate "2022.08.26"]
[EventType "swiss"]
[EventRounds "9"]
[EventCountry "ENG"]
[SourceTitle "CBM 210 Extra"]
[Source "ChessBase"]
[SourceDate "2022.11.30"]
[SourceVersion "1"]
[SourceVersionDate "2022.11.30"]
[SourceQuality "1"]

1. c4 e5 2. g3 Nf6 3. Bg2 c6 4. Nf3 e4 5. Nd4 Qb6 6. Nc2 d5 7. Nc3 dxc4 8. Nxe4 Nxe4 9. Bxe4 Be6 10. Ne3 Na6 11. 0-0 0-0-0 12. Qc2 Qd4 13. Bf5 Bxf5 14. Qxf5+ Rd7 15. Qc2 b5 16. Qc3 Qxc3 17. dxc3 Nc5 18. Nc2 Be7 19. Be3 Kb7 20. Rad1 Rhd8 21. Rxd7+ Rxd7 22. Bc1 a5 23. Ne3 a4 24. Rd1 Rxd1+ 25. Nxd1 a3 26. bxa3 Na4 27. Kf1 Bf6 28. Bd2 Be7 29. Bc1 Bf6 30. Bd2 Be7 31. Bc1 1/2-1/2

[Event "Titled Tuesday intern op 23rd Aug Early"]
[Site "Chess.com INT"]
[Date "2022.08.23"]
[Round "5"]
[White "Mitra, Roman"]
[Black "Godzwon, Iwo"]
[Result "1-0"]
[WhiteElo "2132"]
[BlackElo "2336"]
[PlyCount "129"]
[EventDate "2022.08.23"]
[EventType "swiss (blitz)"]
[EventRounds "11"]
[EventCountry "USA"]
[SourceTitle "EXT 2023"]
[Source "ChessBase"]
[SourceDate "2022.10.05"]
[SourceVersion "1"]
[SourceVersionDate "2022.10.05"]
[SourceQuality "1"]

1. e4 c5 2. Ne2 Nc6 3. g3 d5 4. Bg2 dxe4 5. Bxe4 Bd7 6. 0-0 Nf6 7. Bg2 h5 8. h4 Qc7 9. d4 e6 10. Nbc3 a6 11. Bf4 Qd8 12. d5 exd5 13. Nxd5 Nxd5 14. Qxd5 Be7 15. Rfe1 Be6 16. Qf3 Bg4 17. Qb3 Na5 18. Qc3 0-0 19. Rad1 Qb6 20. Be5 Nc6 21. Bxg7 Rfe8 22. Bd5 Nd4 23. Rxd4 cxd4 24. Bxd4 Qd6 25. Nf4 Rac8 26. Qb3 Rf8 27. c3 b5 28. Be5 Qb6 29. Bd4 Bc5 30. Bxc5 Rxc5 31. Re7 Qf6 32. Rb7 Rcc8 33. Qb4 Rcd8 34. Qe4 Bf5 35. Qf3 Bg4 36. Qe4 Rde8 37. Qd3 Qf5 38. Qxf5 Bxf5 39. Nxh5 Re1+ 40. Kg2 Rd1 41. Bf3 Rb1 42. b3 Rb2 43. Nf4 Rd8 44. g4 Be6 45. g5 Rdd2 46. g6 Rxf2+ 47. Kg3 Rxf3+ 48. Kxf3 Rc2 49. gxf7+ Bxf7 50. Ke4 Rxc3 51. Kf5 Rc5+ 52. Kf6 Rc6+ 53. Kg5 Rc5+ 54. Kf6 Rc6+ 55. Ke7 Kg7 56. h5 Rf6 57. Nh3 Rf5 58. Kd6 Rxh5 59. Nf4 Rf5 60. Ne6+ Kg6 61. Nd8 Rf6+ 62. Ke7 Bd5 63. Rd7 Bf3 64. Rd6 Be4 65. Rxf6+ 1-0

[Event "Titled Tuesday intern op 23rd Aug Early"]
[Site "Chess.com INT"]
[Date "2022.08.23"]
[Round "6"]
[White "Seemann, Jakub"]
[Black "Mitra, Roman"]
[Result "0-1"]
[WhiteElo "2364"]
[BlackElo "2132"]
[PlyCount "136"]
[EventDate "2022.08.23"]
[EventType "swiss (blitz)"]
[EventRounds "11"]
[EventCountry "USA"]
[SourceTitle "EXT 2023"]
[Source "ChessBase"]
[SourceDate "2022.10.05"]
[SourceVersion "1"]
[SourceVersionDate "2022.10.05"]
[SourceQuality "1"]

1. e4 c5 2. Nf3 a6 3. c3 e6 4. d4 d5 5. e5 Bd7 6. Bd3 cxd4 7. cxd4 Bb5 8. 0-0 Nc6 9. Nc3 Bxd3 10. Qxd3 Nge7 11. h4 Nf5 12. h5 b5 13. h6 gxh6 14. Ne2 Qb6 15. Be3 h5 16. Ng3 Nxg3 17. fxg3 Rg8 18. Kh2 Ne7 19. Ng5 Nf5 20. Rxf5 exf5 21. Qxf5 Qg6 22. Qf3 Rd8 23. Rf1 Rd7 24. Rc1 Be7 25. Nh3 h4 26. gxh4 Bxh4 27. Rc8+ Rd8 28. Rxd8+ Bxd8 29. Nf4 Qe4 30. Nxd5 Qxf3 31. gxf3 Kd7 32. a3 Ke6 33. Nc3 Be7 34. f4 Kf5 35. d5 Bh4 36. Kh3 Be1 37. Ne2 Ke4 38. Bc1 Kf3 39. Nd4+ Ke4 40. Nc6 Rg3+ 41. Kh2 Kxd5 42. Ne7+ Ke6 43. Nc6 Rg8 44. Nd4+ Kd5 45. Nf3 Bg3+ 46. Kh3 Bf2 47. Ng5 a5 48. Nxf7 Rf8 49. Ng5 h6 50. Nf3 Rg8 51. Nh2 Rg3+ 52. Kh4 Rc3+ 53. Kh5 Rxc1 54. Ng4 Rh1+ 55. Kg6 Bg3 56. Kf5 Rf1 57. Nf6+ Kc6 58. Nh5 Bh2 59. Ke4 Re1+ 60. Kf5 Rf1 61. Ke4 Kd7 62. f5 Re1+ 63. Kd5 Bxe5 64. f6 Ke8 65. Ke6 Bxb2+ 66. Kf5 Kf7 67. Nf4 Bxf6 68. Nd5 b4 0-1

[Event "Titled Tuesday intern op 19th Apr Late"]
[Site "Chess.com INT"]
[Date "2022.04.19"]
[Round "1"]
[White "Mitra, Roman"]
[Black "Barrientos Chavarriaga, Sergio E"]
[Result "0-1"]
[WhiteElo "2132"]
[BlackElo "2465"]
[PlyCount "100"]
[EventDate "2022.04.19"]
[EventType "swiss (blitz)"]
[EventRounds "11"]
[EventCountry "USA"]
[SourceTitle "EXT 2023"]
[Source "ChessBase"]
[SourceDate "2022.10.05"]
[SourceVersion "1"]
[SourceVersionDate "2022.10.05"]
[SourceQuality "1"]

1. c4 Nf6 2. g3 e6 3. Bg2 d5 4. cxd5 exd5 5. Qc2 Bd6 6. Nf3 0-0 7. 0-0 c6 8. b3 Re8 9. Re1 Na6 10. a3 Bg4 11. h3 Bh5 12. Bb2 Bg6 13. d3 Nc5 14. b4 Ne6 15. Nbd2 a5 16. bxa5 Rxa5 17. Nh4 Qe7 18. Nxg6 hxg6 19. a4 Rea8 20. e4 dxe4 21. dxe4 Bb4 22. Red1 Qc5 23. Qb3 Bxd2 24. Rxd2 Qg5 25. Bc3 Nc5 26. Qc4 Rxa4 27. Rxa4 Nxa4 28. Bb4 Nb6 29. Qb3 Nbd7 30. f4 Qb5 31. Qc3 Ra4 32. Be7 Qb1+ 33. Kh2 Nxe4 34. Bxe4 Qxe4 35. Bd6 Nf6 36. Be5 Nd5 37. Qb2 f6 38. Bd4 b5 39. Bc5 Rc4 40. Ba7 Rc3 41. Bd4 Rd3 42. Rxd3 Qxd3 43. Bc5 Qc3 44. Qf2 b4 45. Bd4 Qd3 46. Bb2 b3 47. Qe1 Qc2+ 48. Kh1 Qxb2 49. Qe8+ Kh7 50. f5 Qb1+ 0-1

[Event "Titled Tuesday intern op 04th May"]
[Site "Chess.com INT"]
[Date "2021.05.04"]
[Round "3"]
[White "Ozdemir, Serhan Berat"]
[Black "Mitra, Roman"]
[Result "1-0"]
[WhiteElo "2191"]
[BlackElo "2132"]
[PlyCount "73"]
[EventDate "2021.05.04"]
[EventType "swiss (blitz)"]
[EventRounds "11"]
[EventCountry "USA"]
[SourceTitle "CBM 202 Extra"]
[Source "ChessBase"]
[SourceDate "2021.07.31"]
[SourceVersion "1"]
[SourceVersionDate "2021.07.31"]
[SourceQuality "1"]

1. e4 c5 2. Nf3 d6 3. d4 cxd4 4. Nxd4 Nf6 5. Nc3 a6 6. f3 e5 7. Nb3 Be6 8. Be3 Be7 9. Qd2 0-0 10. 0-0-0 a5 11. Bb5 Nc6 12. Kb1 Ne8 13. h4 Nc7 14. Bb6 Qc8 15. Bxc7 Qxc7 16. g4 Na7 17. a4 Bc4 18. Bxc4 Qxc4 19. Nxa5 Qc8 20. Nd5 Bd8 21. Nb3 Nc6 22. Nc3 Be7 23. g5 Rd8 24. h5 Qe6 25. Nd5 Rxa4 26. Rdg1 Rda8 27. c3 Na5 28. Nxa5 R8xa5 29. g6 fxg6 30. hxg6 h6 31. Kc2 Bf8 32. Qd3 Qe8 33. Nb6 Ra2 34. Qc4+ Kh8 35. Nd5 Rb5 36. Qxa2 Qc6 37. Qa8 1-0

[Event "Titled Tuesday intern op 27th Apr"]
[Site "Chess.com INT"]
[Date "2021.04.27"]
[Round "7"]
[White "Mitra, Roman"]
[Black "Domingo Nunez, Alejandro"]
[Result "1-0"]
[WhiteElo "2132"]
[BlackElo "2358"]
[PlyCount "91"]
[EventDate "2021.04.27"]
[EventType "swiss (blitz)"]
[EventRounds "11"]
[EventCountry "USA"]
[SourceTitle "CBM 202 Extra"]
[Source "ChessBase"]
[SourceDate "2021.07.31"]
[SourceVersion "1"]
[SourceVersionDate "2021.07.31"]
[SourceQuality "1"]

1. c4 Nf6 2. g3 g6 3. Bg2 Bg7 4. Nc3 0-0 5. Nf3 d6 6. 0-0 c5 7. d4 Nbd7 8. b3 Rb8 9. Bb2 a6 10. a4 b6 11. e4 Bb7 12. Qe2 Ne8 13. d5 Nc7 14. Ne1 Bc8 15. Nd1 Bxb2 16. Nxb2 b5 17. Qc2 Ne8 18. Ned3 Qb6 19. Rab1 Qa5 20. f4 e6 21. e5 exd5 22. cxd5 Ng7 23. g4 Re8 24. Rbe1 Bb7 25. e6 fxe6 26. dxe6 Rxe6 27. Bxb7 Rxb7 28. Qg2 Rxe1 29. Rxe1 Rb8 30. Qd5+ Kh8 31. Qxd6 Qb6 32. Qxd7 c4+ 33. Nf2 c3 34. Nbd3 Rd8 35. Qe7 c2 36. Kg2 Qc6+ 37. Qe4 Qc3 38. Rc1 Re8 39. Qb4 Qc6+ 40. Kg3 Re3+ 41. Kh4 Ne6 42. Qe7 Qf3 43. Qf6+ Kg8 44. Rxc2 g5+ 45. fxg5 Qe4 46. Rc8+ 1-0

[Event "London Classic rapid op 11th"]
[Site "London"]
[Date "2019.12.07"]
[Round "4"]
[White "Cordes, Hans Joerg"]
[Black "Mitra, Roman"]
[Result "1-0"]
[WhiteElo "2221"]
[BlackElo "2014"]
[PlyCount "75"]
[EventDate "2019.12.07"]
[EventType "swiss (rapid)"]
[EventRounds "7"]
[EventCountry "ENG"]
[SourceTitle "CBM 195 Extra"]
[Source "ChessBase"]
[SourceDate "2020.05.31"]
[SourceVersion "1"]
[SourceVersionDate "2020.05.31"]
[SourceQuality "1"]

1. d4 Nf6 2. c4 e6 3. Nc3 Bb4 4. Qc2 c5 5. dxc5 Bxc5 6. Nf3 Qb6 7. e3 Qc7 8. Be2 0-0 9. 0-0 a6 10. a3 b6 11. b4 Be7 12. Bb2 d6 13. Rac1 Nbd7 14. Bd3 Bb7 15. Ne4 h6 16. Qb1 Nxe4 17. Bxe4 a5 18. Nd4 axb4 19. axb4 Bxe4 20. Qxe4 Ne5 21. f4 Nd7 22. Rfd1 Nf6 23. Qc6 Qb8 24. Ra1 Rxa1 25. Rxa1 Rc8 26. Qf3 d5 27. cxd5 Nxd5 28. b5 Bf6 29. Nc6 Rxc6 30. Bxf6 Rc5 31. Bd4 Rxb5 32. Be5 Qe8 33. e4 Ne7 34. Qc3 f6 35. Bxf6 gxf6 36. Qxf6 Nc6 37. Ra3 Kh7 38. Rg3 1-0

[Event "London Classic rapid op 11th"]
[Site "London"]
[Date "2019.12.07"]
[Round "5"]
[White "Mitra, Roman"]
[Black "Onslow, Teddy"]
[Result "1/2-1/2"]
[WhiteElo "2014"]
[BlackElo "1702"]
[PlyCount "113"]
[EventDate "2019.12.07"]
[EventType "swiss (rapid)"]
[EventRounds "7"]
[EventCountry "ENG"]
[SourceTitle "CBM 195 Extra"]
[Source "ChessBase"]
[SourceDate "2020.05.31"]
[SourceVersion "1"]
[SourceVersionDate "2020.05.31"]
[SourceQuality "1"]

1. c4 e6 2. g3 d5 3. Bg2 Nf6 4. Nf3 Be7 5. b3 c5 6. 0-0 Nc6 7. cxd5 exd5 8. d4 0-0 9. Nc3 Bg4 10. dxc5 Bxc5 11. Bb2 Re8 12. Rc1 Bb6 13. Na4 Ne4 14. Nxb6 Qxb6 15. Qxd5 Rad8 16. Qc4 h6 17. Nh4 Na5 18. Qc7 Qxc7 19. Rxc7 Nd2 20. Rfc1 Rxe2 21. Bc3 b6 22. Bf1 Nxf1 23. Kxf1 Rxa2 24. Rxa7 g5 25. Bxa5 bxa5 26. Ng2 Rdd2 27. Ne3 Rxf2+ 28. Kg1 Be6 29. Rxa5 Rxa5 30. Kxf2 Bxb3 31. Rb1 Be6 32. Rb4 Ra2+ 33. Kg1 Re2 34. Ng4 Bxg4 35. Rxg4 Kg7 36. h4 Kg6 37. hxg5 hxg5 38. Ra4 f5 39. Kf1 Rb2 40. Kg1 Kf6 41. Ra5 Rd2 42. Kf1 g4 43. Kg1 Ke6 44. Kf1 Rd5 45. Ra4 Ke5 46. Ke2 Rb5 47. Ke3 Rb3+ 48. Kf2 Rf3+ 49. Kg2 Rd3 50. Kf2 Rd4 51. Ra2 Rb4 52. Re2+ Re4 53. Rd2 f4 54. gxf4+ Kxf4 55. Kg2 g3 56. Ra2 Kg4 57. Rb2 1/2-1/2

[Event "Pardubice op rapid 29th"]
[Site "Pardubice"]
[Date "2018.07.19"]
[Round "6"]
[White "Mitra, Roman"]
[Black "Brejnik, Gustav"]
[Result "0-1"]
[WhiteElo "2104"]
[BlackElo "2134"]
[PlyCount "84"]
[EventDate "2018.07.18"]
[EventType "swiss (rapid)"]
[EventRounds "9"]
[EventCountry "CZE"]
[SourceTitle "CBM 185 Extra"]
[Source "ChessBase"]
[SourceDate "2018.07.29"]
[SourceVersion "1"]
[SourceVersionDate "2018.07.29"]
[SourceQuality "1"]

1. e4 c6 2. e5 d5 3. exd6 Qxd6 4. d4 Bf5 5. Nf3 Nd7 6. Nbd2 Nb6 7. Be2 g6 8. 0-0 Bg7 9. c3 Nf6 10. b3 0-0 11. a4 Qc7 12. Re1 Nfd5 13. Bb2 Nf4 14. a5 Nbd5 15. Nc4 Nxe2+ 16. Rxe2 Nf4 17. Rd2 Rad8 18. Ne3 Bc8 19. c4 e6 20. Bc3 c5 21. Rc1 a6 22. b4 cxd4 23. Bxd4 Bxd4 24. Nxd4 e5 25. Nf3 e4 26. Ne1 Be6 27. Nd5 Bxd5 28. cxd5 Qe7 29. Rd4 Qe5 30. Rcc4 Rxd5 31. Rxd5 Nxd5 32. Qd4 Qxd4 33. Rxd4 Nf6 34. Rd6 Kg7 35. Rb6 Rb8 36. Rd6 Rc8 37. Kf1 Ng4 38. h3 Ne5 39. Rd5 Kf6 40. b5 Ke6 41. Rd4 Rc4 42. bxa6 Rxd4 0-1

[Event "Pardubice op rapid 29th"]
[Site "Pardubice"]
[Date "2018.07.19"]
[Round "4"]
[White "Mitra, Roman"]
[Black "Nun, Jiri"]
[Result "0-1"]
[WhiteElo "2104"]
[BlackElo "2306"]
[PlyCount "88"]
[EventDate "2018.07.18"]
[EventType "swiss (rapid)"]
[EventRounds "9"]
[EventCountry "CZE"]
[SourceTitle "CBM 185 Extra"]
[Source "ChessBase"]
[SourceDate "2018.07.29"]
[SourceVersion "1"]
[SourceVersionDate "2018.07.29"]
[SourceQuality "1"]

1. e4 c6 2. d3 g6 3. g3 Bg7 4. Bg2 d5 5. Nd2 Nf6 6. Ne2 0-0 7. 0-0 e5 8. b3 a5 9. a4 Na6 10. Bb2 Re8 11. Re1 dxe4 12. dxe4 b5 13. axb5 cxb5 14. Nc3 Bd7 15. Qe2 Nb4 16. Nf1 Qb6 17. Ne3 Rac8 18. h3 Rc5 19. Ncd5 Nfxd5 20. exd5 f5 21. c3 Na6 22. Qd2 Rcc8 23. c4 b4 24. Qd1 Nc5 25. Kh2 e4 26. Bxg7 Kxg7 27. Bf1 Ra8 28. Qd4+ Kg8 29. Ng2 Qd6 30. Re3 Qe5 31. Qd1 a4 32. bxa4 Nxa4 33. f4 Qf6 34. Rb3 Reb8 35. Qc1 Qd6 36. Ne3 Qc5 37. Qb1 Nc3 38. Rxa8 Rxa8 39. Qc1 Ra2+ 40. Kh1 Ba4 41. Rxc3 bxc3 42. Qxc3 Ra3 43. Qf6 Rxe3 44. Qe6+ Kg7 0-1

[Event "Pardubice op rapid 29th"]
[Site "Pardubice"]
[Date "2018.07.19"]
[Round "7"]
[White "Ret, Adam Josef"]
[Black "Mitra, Roman"]
[Result "0-1"]
[WhiteElo "1824"]
[BlackElo "2104"]
[PlyCount "84"]
[EventDate "2018.07.18"]
[EventType "swiss (rapid)"]
[EventRounds "9"]
[EventCountry "CZE"]
[SourceTitle "CBM 185 Extra"]
[Source "ChessBase"]
[SourceDate "2018.07.29"]
[SourceVersion "1"]
[SourceVersionDate "2018.07.29"]
[SourceQuality "1"]

1. d4 g6 2. c4 c6 3. Nc3 d6 4. Nf3 Bg7 5. e4 Bg4 6. Be2 Qc7 7. h3 Bxf3 8. Bxf3 Nd7 9. g3 e5 10. d5 c5 11. Bg2 Ne7 12. Be3 0-0 13. 0-0 f5 14. f4 exf4 15. Bxf4 Ne5 16. Qe2 Rae8 17. Rac1 a6 18. b3 Qd7 19. Kh2 h6 20. exf5 Nxf5 21. Qc2 Nd4 22. Qb1 g5 23. Bxe5 Bxe5 24. Qg6+ Qg7 25. Qxg7+ Kxg7 26. Ne4 b5 27. Rxf8 Rxf8 28. Rf1 Rb8 29. Re1 bxc4 30. bxc4 Rb2 31. Kg1 Ne2+ 32. Kf1 Bxg3 33. Nxg3 Nxg3+ 34. Kg1 Ne2+ 35. Kf1 Nf4 36. Bf3 Rxa2 37. Re7+ Kf6 38. Rd7 Ke5 39. Re7+ Kd4 40. Rd7 Ke3 41. Bd1 Ra1 42. Re7+ Kd2 0-1

[Event "Pardubice op rapid 29th"]
[Site "Pardubice"]
[Date "2018.07.18"]
[Round "3"]
[White "Straka, Vojtech1111"]
[Black "Mitra, Roman"]
[Result "0-1"]
[WhiteElo "1977"]
[BlackElo "2104"]
[PlyCount "164"]
[EventDate "2018.07.18"]
[EventType "swiss (rapid)"]
[EventRounds "9"]
[EventCountry "CZE"]
[SourceTitle "CBM 185 Extra"]
[Source "ChessBase"]
[SourceDate "2018.07.29"]
[SourceVersion "1"]
[SourceVersionDate "2018.07.29"]
[SourceQuality "1"]

1. d4 g6 2. c4 c6 3. Nc3 d6 4. Nf3 Bg4 5. g3 Bxf3 6. exf3 Bg7 7. Be3 Nd7 8. Bg2 Ngf6 9. 0-0 0-0 10. a4 e5 11. d5 c5 12. f4 Re8 13. Nb5 Nb6 14. fxe5 dxe5 15. Bxc5 Nxc4 16. Rc1 a6 17. Rxc4 axb5 18. axb5 Qd7 19. b6 Rec8 20. b4 Qb5 21. Rc2 Nd7 22. Qc1 Nxb6 23. Bxb6 Rxc2 24. Qxc2 Qxb6 25. Qc5 Qd8 26. Rd1 b6 27. Qb5 Qd6 28. Rc1 Bf8 29. Qc6 Ra2 30. b5 Kg7 31. h3 Qa3 32. Rc3 Qd6 33. Rf3 f5 34. Rc3 e4 35. Qb7+ Kg8 36. Rc6 Qe5 37. Qxb6 Qxd5 38. Rf6 Bc5 39. Qe6+ Qxe6 40. Rxe6 Bxf2+ 41. Kf1 Bxg3 42. b6 Rb2 43. Rc6 Kg7 44. h4 Bxh4 45. Rc7+ Kh6 46. Bh3 Bg3 47. Rc6 e3 48. Re6 f4 49. Bg4 f3 50. Bxf3 Rf2+ 51. Kg1 Rxf3 52. Kg2 Rf2+ 53. Kxg3 Rb2 54. Kf3 e2 55. Kf2 Kg5 56. Re5+ Kf4 57. Re7 h5 58. b7 g5 59. Rf7+ Kg4 60. Re7 h4 61. Re4+ Kf5 62. Re7 g4 63. Rxe2 Rxb7 64. Ra2 Rb4 65. Kg2 h3+ 66. Kg3 Rb3+ 67. Kh2 Kf4 68. Rf2+ Rf3 69. Ra2 Kg5 70. Ra8 Rf2+ 71. Kg1 Rg2+ 72. Kh1 Rb2 73. Ra1 Kh4 74. Rg1 g3 75. Ra1 Rb4 76. Rg1 Rf4 77. Rb1 g2+ 78. Kh2 Rf1 79. Rb4+ Kg5 80. Rb5+ Kf6 81. Rb6+ Ke5 82. Rg6 Rh1+ 0-1

[Event "BCF-chT4S 1718 (4NCL)"]
[Site "England"]
[Date "2018.03.24"]
[Round "7.31"]
[White "Norman, Kenneth I"]
[Black "Mitra, Roman"]
[Result "0-1"]
[WhiteElo "2120"]
[BlackElo "2102"]
[PlyCount "56"]
[EventDate "2017.11.11"]
[EventType "team-swiss"]
[EventRounds "11"]
[EventCountry "ENG"]
[SourceTitle "EXT 2020"]
[Source "ChessBase"]
[SourceDate "2019.10.17"]
[SourceVersion "1"]
[SourceVersionDate "2019.10.17"]
[SourceQuality "1"]
[WhiteTeam "Iceni"]
[BlackTeam "All Anands on Deck"]
[WhiteTeamCountry "ENG"]
[BlackTeamCountry "ENG"]

1. Nf3 Nf6 2. c4 b6 3. g3 Bb7 4. Bg2 g6 5. 0-0 Bg7 6. Nc3 0-0 7. d4 Ne4 8. Nxe4 Bxe4 9. Be3 d6 10. Qd2 e6 11. Bh6 Qe7 12. Bxg7 Kxg7 13. Qc3 Kg8 14. Rac1 Nd7 15. Bh3 f5 16. Nd2 Bb7 17. f4 e5 18. e3 Rae8 19. Bg2 Bxg2 20. Kxg2 exd4 21. exd4 Nf6 22. Nb3 Qe2+ 23. Kg1 Ng4 24. Rc2 Qe3+ 25. Kh1 Qxc3 26. Rxc3 Re2 27. Rb1 Rxh2+ 28. Kg1 Re8 0-1

[Event "London Classic op"]
[Site "London"]
[Date "2017.12.07"]
[Round "7"]
[White "Mitra, Roman"]
[Black "Yuan, Yuanling"]
[Result "1/2-1/2"]
[WhiteElo "2100"]
[BlackElo "2243"]
[PlyCount "187"]
[EventDate "2017.12.02"]
[EventType "swiss"]
[EventRounds "9"]
[EventCountry "ENG"]
[SourceTitle "CBM 182 Extra"]
[Source "ChessBase"]
[SourceDate "2018.02.23"]
[SourceVersion "1"]
[SourceVersionDate "2018.02.23"]
[SourceQuality "1"]

1. e4 c5 2. Ne2 Nf6 3. Nbc3 d6 4. g3 g6 5. Bg2 Bg7 6. 0-0 0-0 7. d3 Nc6 8. h3 Rb8 9. a4 a6 10. Be3 Qc7 11. Qd2 Re8 12. g4 b5 13. axb5 axb5 14. f4 b4 15. Nd1 Nd7 16. c3 Na5 17. Qc2 bxc3 18. bxc3 Bb7 19. f5 Ne5 20. Ng3 Ra8 21. g5 Ba6 22. Nb2 Reb8 23. f6 exf6 24. gxf6 Bf8 25. c4 Qb6 26. Rf2 Nb3 27. Rd1 Bc8 28. Qc3 Ra2 29. Rdf1 Nd4 30. Nd1 Rxf2 31. Nxf2 Ra8 32. Ra1 Rb8 33. Rf1 Be6 34. Kh1 Ra8 35. Qd2 Nb3 36. Qb2 Qb4 37. Rb1 Ra3 38. Bf1 Nc6 39. Ne2 Qa5 40. Nc1 Ncd4 41. Kg2 h5 42. Nd1 Qe1 43. Qxa3 Qxd1 44. Nxb3 Qf3+ 45. Kh2 Nc2 46. Bg2 Qxe3 47. Qc1 Qxd3 48. Qf1 Qc3 49. Qf3 Qxc4 50. Nd2 Qd4 51. Nf1 Qe5+ 52. Kh1 Nd4 53. Qf2 Bh6 54. Ne3 Bg5 55. Rf1 Bxe3 56. Qxe3 Nf5 57. Rxf5 gxf5 58. Qg5+ Kf8 59. exf5 Qxf5 60. Qg7+ Ke8 61. Qh8+ Kd7 62. Qa8 Qb1+ 63. Kh2 Qb6 64. Bb7 Kc7 65. Bg2 d5 66. Qe8 Qd6+ 67. Kh1 c4 68. Qa4 Qc5 69. Qc2 Qd4 70. Qa2 Qxf6 71. Qa7+ Kd6 72. Qb8+ Ke7 73. Qb4+ Ke8 74. Qb8+ Qd8 75. Qe5 h4 76. Qh8+ Kd7 77. Qd4 Kd6 78. Qf4+ Kc5 79. Qf3 Kb5 80. Qc3 Qa5 81. Qe5 Kc6 82. Qd4 Qe1+ 83. Kh2 Qg3+ 84. Kh1 c3 85. Qb4 Qd3 86. Qa3 Qb1+ 87. Kh2 Qb8+ 88. Kh1 Qb1+ 89. Kh2 c2 90. Bxd5+ Bxd5 91. Qc5+ Kb7 92. Qc7+ Ka6 93. Qa5+ Kb7 94. Qc7+ 1/2-1/2

[Event "London Classic op"]
[Site "London"]
[Date "2017.12.05"]
[Round "5"]
[White "Mitra, Roman"]
[Black "Hebden, Mark"]
[Result "1-0"]
[WhiteElo "2100"]
[BlackElo "2445"]
[PlyCount "85"]
[EventDate "2017.12.02"]
[EventType "swiss"]
[EventRounds "9"]
[EventCountry "ENG"]
[SourceTitle "CBM 182 Extra"]
[Source "ChessBase"]
[SourceDate "2018.02.23"]
[SourceVersion "1"]
[SourceVersionDate "2018.02.23"]
[SourceQuality "1"]

1. g3 g6 2. Bg2 Bg7 3. e4 d5 4. exd5 Nf6 5. Nc3 Nbd7 6. Nf3 Nb6 7. 0-0 0-0 8. Re1 Nbxd5 9. Nxd5 Nxd5 10. d4 c6 11. Qe2 Re8 12. c4 Nb6 13. Be3 Bg4 14. Rad1 Qc8 15. Qc2 Qf5 16. Qxf5 Bxf5 17. b3 Rad8 18. Bg5 Kf8 19. h3 h6 20. Bc1 g5 21. g4 Bh7 22. Ba3 Bf6 23. Ne5 Kg7 24. Bc5 e6 25. a4 Bc2 26. Rc1 Bxb3 27. a5 Nd7 28. Nxd7 Rxd7 29. Re3 Ba4 30. Ra3 e5 31. Rxa4 exd4 32. a6 d3 33. Rd1 Re2 34. axb7 Rxb7 35. Bf1 Rbb2 36. Rxd3 Rb1 37. Re3 Rd2 38. Kg2 Rdd1 39. Bd3 Rbc1 40. Rxa7 Rh1 41. Ra8 Bc3 42. Bf5 Rcg1+ 43. Kf3 1-0